000 01076cam a2200337 i 4500
001 200467442
003 TR-AnTOB
005 20260218142538.0
007 ta
008 190430t2011 tu a $r01 $$$$ tturud
040 _aTR-AnTOB
_beng
_erda
_cTR-AnTOB
041 0 _atur
044 _ctu
050 1 4 _aGV199.44.T9
_bT875 2011
090 _aGV199.44.T9
_bT875 2011
245 0 0 _aTürkiye bahar rotaları atlası /
_b[hazırlayan Ersin Demirel].
250 _aBirinci basım
264 1 _aİstanbul :
_bDoğan Burda Dergi Yayıncılık,
_c2011.
300 _a96 pages :
_bcolour illustrations ;
_c15 cm
336 _atext
_btxt
_2rdacontent
337 _aunmediated
_bn
_2rdamedia
338 _avolume
_bnc
_2rdacarrier
500 _aAtlas Dergisi’nin Nisan 2011 sayısının hediyesidir.
650 7 _aYürüyüş
_2etuturkob
_9152582
650 0 _aDağcılık
_zTürkiye
_944869
650 0 _aYolculuklar ve geziler
_947281
653 _aTatil rehberleri -- Türkiye
700 1 _aDemirel, Ersin
_eeditor
_9128857
942 _2lcc
_cBK
999 _c200467442
_d85654